000 00592nam a2200217Ia 4500
003 OSt
005 20220923230656.0
006 a|||||r|||| 00| 0
007 ta
008 220922b |||||||| |||| 00| 0 pan d
024 _a304,673
037 _cTextual
040 _aARTS
_cARTS
_bpan
041 _2pan
_apan
082 _aQ8441,2xK66,1, 153K6
100 _aਅFੋਕ, FਮFੇਰ
_9169118
245 0 _aਦਸਮ ਗੰ੍ਰਥ ਬਾਰੇ
260 _c1966
942 _hQ8441,2xK66,1, 153K6
_cTEXL
_2CC
999 _c386480
_d386480